Retour sur 10 ans de gestion budgétaire du Compte d’affectation spéciale Pensions (notice n° 1616270)
[ vue normale ]
| 000 -LEADER | |
|---|---|
| fixed length control field | 00713cam a2200205 4500500 |
| 005 - DATE AND TIME OF LATEST TRANSACTION | |
| control field | 20260111080413.0 |
| 041 ## - LANGUAGE CODE | |
| Language code of text/sound track or separate title | fre |
| 042 ## - AUTHENTICATION CODE | |
| Authentication code | dc |
| 100 10 - MAIN ENTRY--PERSONAL NAME | |
| Personal name | Keszler, Gabor |
| Relator term | author |
| 245 00 - TITLE STATEMENT | |
| Title | Retour sur 10 ans de gestion budgétaire du Compte d’affectation spéciale Pensions |
| 260 ## - PUBLICATION, DISTRIBUTION, ETC. | |
| Date of publication, distribution, etc. | 2020.<br/> |
| 500 ## - GENERAL NOTE | |
| General note | 62 |
| 690 ## - LOCAL SUBJECT ADDED ENTRY--TOPICAL TERM (OCLC, RLIN) | |
| Topical term or geographic name as entry element | finances sociales |
| 690 ## - LOCAL SUBJECT ADDED ENTRY--TOPICAL TERM (OCLC, RLIN) | |
| Topical term or geographic name as entry element | gestion budgétaire |
| 690 ## - LOCAL SUBJECT ADDED ENTRY--TOPICAL TERM (OCLC, RLIN) | |
| Topical term or geographic name as entry element | LOLF |
| 690 ## - LOCAL SUBJECT ADDED ENTRY--TOPICAL TERM (OCLC, RLIN) | |
| Topical term or geographic name as entry element | régime de retraites |
| 700 10 - ADDED ENTRY--PERSONAL NAME | |
| Personal name | Lequéré-Pluchon, Morgane |
| Relator term | author |
| 786 0# - DATA SOURCE ENTRY | |
| Note | Gestion & Finances Publiques | 2 | 2 | 2020-04-29 | p. 128-132 | 1969-1009 |
| 856 41 - ELECTRONIC LOCATION AND ACCESS | |
| Uniform Resource Identifier | <a href="https://droit.cairn.info/revue-gestion-et-finances-publiques-2020-2-page-128?lang=fr&redirect-ssocas=7080">https://droit.cairn.info/revue-gestion-et-finances-publiques-2020-2-page-128?lang=fr&redirect-ssocas=7080</a> |
Pas d'exemplaire disponible.




Réseaux sociaux